| 000 | 00393nam a2200109Ia 4500 | ||
|---|---|---|---|
| 008 | 171212s9999 xx 000 0 und d | ||
| 020 | _a9780813591520 | ||
| 245 |
_ceditor Fuentes, Marisa J.;White, Deborah Gray _aScarlet and Black _bSlavery and Dispossession in Rutgers History |
||
| 260 |
_bRutgers University Press _c2016 |
||
| 650 | _aEducation | ||
| 856 | _uhttp://jstor.org/stable/j.ctt1k3s9r0 | ||
| 999 |
_c352837 _d352837 |
||